Loading...
| History - Other History | 0 | 6 | 0 | 1 | 60 | 66 | 96.00 | 2 | 6 |
| History - World History | 0 | 6 | 0 | 1 | 60 | 69 | 94.17 | 2 | 5 |
| Other | 0 | 5 | 0 | 2 | 50 | 106 | 125.20 | 0 | 1 |
| Mythology | 0 | 5 | 0 | 2 | 50 | 57 | 105.40 | 2 | 3 |
| History - European History | 0 | 4 | 1 | 1 | 35 | 94 | 112.25 | 0 | 3 |
| Social Science | 0 | 3 | 0 | 2 | 30 | 115 | 120.67 | 0 | 3 |
| Science - Biology | 0 | 3 | 1 | 0 | 25 | 100 | 102.67 | 0 | 2 |
| Science - Physics | 0 | 3 | 1 | 0 | 25 | 80 | 96.00 | 1 | 3 |
| Fine Arts - Classical Music | 0 | 2 | 0 | 0 | 20 | 116 | 117.50 | 0 | 2 |
| Fine Arts - Painting & Sculpture | 0 | 2 | 0 | 1 | 20 | 105 | 129.00 | 0 | 1 |
| History - American History | 0 | 3 | 2 | 0 | 20 | 43 | 71.33 | 1 | 2 |
| Literature - British Literature | 0 | 2 | 0 | 0 | 20 | 52 | 87.50 | 0 | 1 |
| Philosophy | 0 | 2 | 0 | 0 | 20 | 99 | 116.50 | 0 | 1 |
| Science - Chemistry | 0 | 2 | 1 | 1 | 15 | 92 | 106.00 | 0 | 2 |
| Religion | 0 | 2 | 1 | 0 | 15 | 129 | 133.00 | 0 | 0 |
| Science - Other Science | 0 | 2 | 1 | 1 | 15 | 72 | 107.00 | 0 | 1 |
| Literature - American Literature | 0 | 1 | 0 | 0 | 10 | 109 | 109.00 | 0 | 0 |
| Literature - European Literature | 0 | 0 | 1 | 0 | -5 | 0.00 | 0 | 0 | |
| Fine Arts - Other Fine Arts | 0 | 0 | 2 | 0 | -10 | 0.00 | 0 | 0 | |
| Literature - World Literature | 0 | 0 | 2 | 0 | -10 | 0.00 | 0 | 0 |